Does Personal Data Protection Matter for ISO 9001 Certification and Firm Performance?

Štúdia skúma prepojenie medzi certifikáciou ISO 9001, ochranou osobných údajov a výkonnosťou firmy pomocou údajov z finančnej súvahy a prieskumov. Bezpečnostný aspekt ochrany údajov sa analyzuje na základe hlavných požiadaviek všeobecného nariadenia o ochrane údajov a mapuje sa na príslušné kontroly...

ver descrição completa

Na minha lista:
Detalhes bibliográficos
Autor principal: Siougle, Efrosini
Outros Autores: Dimeli, Sofia, 1953-, Malevris, Nikolaos
Formato: Capítulo de Livro
Idioma:inglês
Assuntos:
Tags: Adicionar Tag
Sem tags, seja o primeiro a adicionar uma tag!

MARC

LEADER 00000naa a2200000 4500
001 0292106
005 20240506104805.0
041 0 |a eng 
044 |a GB 
245 1 0 |a Does Personal Data Protection Matter for ISO 9001 Certification and Firm Performance?  |c Efrosini Siougle, Sofia Dimeli, Nikolaos Malevris 
520 |a Štúdia skúma prepojenie medzi certifikáciou ISO 9001, ochranou osobných údajov a výkonnosťou firmy pomocou údajov z finančnej súvahy a prieskumov. Bezpečnostný aspekt ochrany údajov sa analyzuje na základe hlavných požiadaviek všeobecného nariadenia o ochrane údajov a mapuje sa na príslušné kontroly noriem ISO/IEC 27001/27002. 
610 2 0 |a výkonnosť podniku 
610 2 0 |a modelovanie 
610 2 0 |a údaje osobné 
610 2 0 |a certifikácia 
100 1 |a Siougle, Efrosini 
700 1 |a Dimeli, Sofia, 1953- 
700 1 |a Malevris, Nikolaos